La soja
Gorde:
| Egile Nagusiak: | , |
|---|---|
| Formatua: | Liburua |
| Hizkuntza: | gaztelania |
| Argitaratua: |
Madrid
Mundi-Prensa
1988
|
| Gaiak: | |
| Etiketak: |
Etiketa erantsi
Etiketarik gabe, Izan zaitez lehena erregistro honi etiketa jartzen!
|
MARC
| LEADER | 00000nam a2200000 a 4500 | ||
|---|---|---|---|
| 001 | UCU4550 | ||
| 003 | CL-VaPUC | ||
| 008 | 960524e19880000SP |||||||||||||||||spa|d | ||
| 082 | 0 | 4 | |a 635.655 |b VEN |2 21 |
| 100 | 0 | |a Venturi, G |e author |9 362177 | |
| 700 | 0 | |a Amaducci, M. T |e author |9 362178 | |
| 245 | 1 | 3 | |a La soja |
| 300 | |a 254 p | ||
| 942 | |c BK | ||
| 945 | |d 19960524 00:00:00 |a rleighto | ||
| 260 | |a Madrid |b Mundi-Prensa |c 1988 | ||
| 650 | 7 | |a SOJA |2 CL-VaPUC |9 362179 | |
| 650 | 0 | |a Morfología vegetal |9 261628 | |
| 650 | 0 | |a Desarrollo vegetal |9 338112 | |
| 650 | 0 | |a Siembra |9 360167 | |
| 650 | 0 | |a Riego |9 259685 | |
| 650 | 0 | |a Genética vegetal |9 264341 | |
| 650 | 0 | |a Enfermedades de las plantas |9 259687 | |
| 650 | 0 | |a Insectos |9 264174 | |
| 650 | 0 | |a Hongos |9 261629 | |
| 650 | 0 | |a Virus |9 316452 | |
| 650 | 0 | |a Cultivo |9 264268 | |
| 583 | |a last modification |c 19960524 00:00:00 |k Rodrigo Vera | ||
| 999 | |c 248229 |d 248227 | ||
| 952 | |0 0 |1 0 |4 0 |6 635_655000000000000_VEN_1988 |7 0 |8 A |9 264715 |a BIBAGR |b BIBAGR |d 2019-11-19 |i 3201422 |o 635.655 VEN 1988 |p 3201422 |r 2025-01-20 |w 2019-11-19 |y BK |k AGR | ||